Datum a čas kvízu
30.5
Celkem bodů
Celkový počet nahraných bodů na tomto kvízu bez doplňovacích otázek.
9.
Pořadí na kvízu
Konečné umístění týmu na tomto kvízu.
Zaznamenané odpovědi
| # | Otázka | Odpověď | Body | Výsledky |
|---|---|---|---|---|
| 1. | Jak se jmenuje funkcionář, jem... | Josef Středula | 1 | |
| 2. | Na mezinárodní vesmírnou stani... | americká (3 členové), ruská (1 člen) | 0.5 | |
| 3. | Po Taťáně Kuchařové, která tri... | Krystyna Pyszková | 0 | |
| 4. | Jedna dá se říci již legendárn... | U Daana | 0 | |
| 5. | Do kterého týmu minulý týden v... | Vegas Golden Knights | 0 | |
| 6. | Začneme prvním českým králem p... | Přemysl Otakar II., 1278 | 0.5 | |
| 7. | Další „slavnou“ prohrou, která... | stoletá válka | 1 | |
| 8. | Za naši slavnou prohru lze ozn... | D | 1 | |
| 9. | Bitva na Bílé hoře zpečetila o... | listopad 1620 | 0.5 | |
| 10. | Napište jména dvou mužů, kteří... | Neville Chamberlain, Édouard Daladier | 0.5 |